Finančno-ekonomické aspekty preventívnej reštrukturalizácie zadlženého podniku diplomová práca

Guardado en:
Detalles Bibliográficos
Autor principal: Ďuriková, Vanessa
Autor Corporativo: Fakulta podnikového manažmentu EU. Katedra podnikových financií
Otros Autores: Hyránek, Eduard, 1955-
Formato: Libro
Lenguaje:eslovaco
Publicado: Bratislava 2025
Etiquetas: Agregar Etiqueta
Sin Etiquetas, Sea el primero en etiquetar este registro!

MARC

LEADER 00000nbm a2200000 4500
001 0309848
005 20260113091219.5
041 0 |a slo 
044 |a SK 
245 1 0 |a Finančno-ekonomické aspekty preventívnej reštrukturalizácie zadlženého podniku  |b diplomová práca  |c Vanessa Ďuriková ; školiteľ: Eduard Hyránek 
264 1 |a Bratislava  |c 2025 
300 |a 94 s. 
100 1 |a Ďuriková, Vanessa 
700 1 |a Hyránek, Eduard, 1955- 
710 2 |a Fakulta podnikového manažmentu EU. Katedra podnikových financií